1400 1173 1777 1199 1979 1221 1087 1052 1559 1244 1152 1508 1550 1286 1526 1823 1450 1706 1759 1110 1646 1076 1057 1231 1758 1889 1665 1033 1320 1617 1925 1771 1436 1602 1382 1933 1043 1762 1138 1717 1469 1806 1002 1348 1158 1167 1405 1457 1415 1036 1772 1826 1978 1917 1581 1010 1239 1184 1655 1563 1498 1896 1669 1745 1413 1882 1750 1000 1294 1842 1551 1926 1670 1031 1642 1137 1325 1042 1387 1078 1569 1985 1668 1045 1902 1838 1740 1242 1874 1734 1869 1655 1906 1188 1485 1092 1227 1371 1061 BCNSPRNW ULIB Ver.6.0+V

เปลี่ยนเป็นภาษาไทย

Change to English
 แสดงรายละเอียดบรรณานุกรม
  กลับหน้าหลัก

Brief Record : Get Marc (ISO 2709) : E-mail record : QR code < ปิดหน้าต่าง
LEADER : 00000nam 2200000uu 4500
001    13399126167
003     ULIB
008    180626s2559||||th 000 0 tha d
020    ^a9786160027347
050    ^aนว^bส887บ
100  0  ^aเสี่ยวจี้(ลิซ).
245  1  ^aวายุหงสา /^cเสี่ยวจี้(ลิซ).
250    ^aพิมพ์ครั้งที่ 1.
260    ^aกรุงเทพฯ :^bPrincess,^c2559.
300    ^a760 หน้า ;^c21 ซม.
490  1  ^aชุดจอมใจพยัคฆ์
830    0 ^aชุดจอมใจพยัคฆ์.
850    ^aมบ.
945    ^p490^l0^i004273
999    ^aประนอม เกษจรัล
รายการนี้ยังไม่มีแท็ก
คุณยังไม่ได้ล็อกอิน คุณสามารถมีกิจกรรมร่วมกับเว็บไซต์ได้ แต่ต้องล็อกอินก่อน ::
  ล็อกอิน

รายการสื่อสารสนเทศ

ลำดับที่ ประเภท เลขเรียก/บาร์โค้ด สถานที่ สถานะ
1. นวนิยาย
นวนิยาย
นว ส887บ ฉ.1 
  Barcode: 004273
ห้องสมุดวิทยาเขตสวรรค์ประชารักษ์
►หนังสือทั่วไป
บนชั้น

BibComment


ยังไม่เคยถูกคอมเมนท์

คอมเมนท์ทรัพยากรรายการนี้
  คอมเมนท์: วายุหงสา เสี่ย..


 Copyright 2026. Bcnsprnw @Library